00991nam a2200265Ia 450000500170000000800270001702000180004408200180006210000430008024500500012325000170017330000260019049000850021660000630030165000340036465100670039865100630046594200120052826400470054033600270058733700330061433800280064704000350067599900150071020220317000326.0141031s9999 ck 000 0 spa d a978958837557104a079.861bD31e1 aDíaz Martínez, Juan Carlos,d1963-10aEse man es Marlon Brando cJuan Carlos Díaz a1a edición a128 páginasc22 cm. aColección voces del fuego. vTestigos del bicentenario. Periodismo, volumen 2210aDíaz, Juan Carlos,d1963-xColeciones de escritos918789142LEMBaCrónicas colombianas.14aCaribe (Región)xVida social y costumbresxCrónicas91879014aCaribe (Región)xCondiciones socialesxCrónicas918791 2ddccBK aCartagena de IndiasbPluma de Mompoxc2011 atextobtxt2rdacontent asin mediaciónbn2rdamedia avolumenbnc2rdacarrier aCO-BoRNBPbspaerdacCO-BoRNBP c3731d3731